Náhodné procesy a identifikácia mechanických dynamických systémov 89 : Zborník pracovného seminára : Konf. Poprad, hotel Gerlach. 24.-28.4.1989

Salvato in:
Dettagli Bibliografici
Natura: Libro
Lingua:slovacco
Pubblicazione: Žilina : Dom techniky ČSVTS, 1989
Soggetti:
Tags: Aggiungi Tag
Nessun Tag, puoi essere il primo ad aggiungerne!!

MARC

LEADER 00000nam a22000003a 4500
001 stu39656
005 20150408180548.9
008 930219s1989----cs------------------slo-d
040 |a STU  |b slo 
041 0 |a slo 
044 |a cs 
080 |a 531.3(082) 
245 |a Náhodné procesy a identifikácia mechanických dynamických systémov 89 :  |b Zborník pracovného seminára : Konf. Poprad, hotel Gerlach. 24.-28.4.1989 
260 |a Žilina :  |b Dom techniky ČSVTS,  |c 1989 
300 |a 253 s 
650 7 |a Dynamika štatistická  |2 stusub 
650 7 |a zborníky  |2 stusub 
996 |b MZ 234  |c M*Z-234  |l MMKN  |s A  |a 24  |w stu39656_0001